000
00317nam a22001457a 4500
008
210609b ||||| |||| 00| 0 eng d
020
_a
9780323031950
041
_a
eng
080
_2
4th
_a
611
082
_a
611
100
_a
5
101
_a
ANA
245
_a
Principles of Phsyiology
_c
Levy,M.N
942
_2
udc
_c
BK
999
_c
58075
_d
58075